Alice's adventures in Wonderland /

Bibliographic Details
Main Author: Carroll, Lewis, 1832-1898 (Author)
Corporate Author: JW Northend (Firm) (Printer)
Other Authors: Sibley, Brian (Author of introduction, etc.), Florentino, Katia (letterer.)
Format: Book
Language:English
Published: Oxford : Oxford : Inky Parrot Press ; Artists' Choice Editions, 2015.
Edition:Standard copy.
Subjects:

MARC

Tag First Indicator Second Indicator Subfields
LEADER 00000cam a2200000Ii 4500
001 in00003603349
005 20170928105913.0
008 151204s2015 enka b 000 1 eng d
035 |a (OCoLC)ocn957998518 
035 |a 957998518 
035 |a (OCoLC)957998518 
040 |a TXA  |c TXA  |d TXA  |d UtOrBLW 
049 |a TXAM 
090 |a PR4611  |b .A7 2015b 
100 1 |a Carroll, Lewis,  |d 1832-1898,  |e author.  |0 http://id.loc.gov/authorities/names/n79056546 
245 1 0 |a Alice's adventures in Wonderland /  |c Lewis Carroll ; aforethought, Brian Sibley. 
250 |a Standard copy. 
250 |a Sesquicentennial edition. 
264 1 |a Oxford :  |b Inky Parrot Press ;  |a Oxford :  |b Artists' Choice Editions,  |c 2015. 
300 |a 130 pages :  |b color illustrations ;  |c 29 cm 
336 |a text  |b txt  |2 rdacontent 
336 |a still image  |b sti  |2 rdacontent 
337 |a unmediated  |b n  |2 rdamedia 
338 |a volume  |b nc  |2 rdacarrier 
500 |a "The book is set in Breugel by Charles Hall and printed on Stow Ivory paper by Northend Creative Print Solutions, all copies are bound by Ludlow Bookbinders. There are 340 Standard copies and 56 Special copies with a folder containing 4 signed prints all contained in a solander box"--Colophon. 
500 |a The Cushing Library/Childrens' Books copy is number 39/340. 
500 |a Each chapter is illustrated by a different artist. 
500 |a Illustrators include: Robi Dwi antono, Ian Beck, Petra Brown, Heather Cass, Katia Florentino, Mini Grey, Jonny Hannah, Clive Hicks-Jenkins, Stanislawa Kodman, Valery Kosachev, Annisa Krolik, Yuri Laptev, Victor Maristane, Schichinhoe Masaru, Kaori Ogawa, Daria Palotti, Vasilis Papatsarouchas, Lowri Mai Roberts, Giovanni Robustelli, Veronica Rowlands, Kenneth Rougeau, Dagmar Sissolak, Sir John Tenniel, Roland Topor, Anne Vansweevelt, Ian Whadcock, Janet Woolley. 
500 |a "Decorative lettering: Katia Florentino, England." 
600 1 0 |a Carroll, Lewis,  |d 1832-1898.  |t Alice's adventures in Wonderland  |v Illustrations. 
650 0 |a Artists' illustrated books  |z Great Britain  |y 21st century. 
648 7 |a 2000 - 2099  |2 fast 
655 7 |a Illustrated works.  |2 lcgft  |0 http://id.loc.gov/authorities/genreForms/gf2014026111 
655 7 |a Typefaces (Type evidence)  |x Breugel.  |2 rbtyp 
700 1 |a Sibley, Brian,  |e author of introduction, etc.  |0 http://id.loc.gov/authorities/names/n83239038 
700 1 |a Hall, Charles  |c (Compositor),  |e compositor.  |0 http://id.loc.gov/authorities/names/no2014167123 
700 1 |a Florentino, Katia,  |e letterer.  |0 http://id.loc.gov/authorities/names/no2015157514 
710 2 |a Ludlow Bookbinders,  |e binder.  |0 http://id.loc.gov/authorities/names/no2008032053 
710 2 |a JW Northend (Firm),  |e printer.  |0 http://id.loc.gov/authorities/names/nr2001018190 
710 2 |a Artists' Choice Editions,  |e publisher.  |0 http://id.loc.gov/authorities/names/no2007114245 
710 2 |a Inky Parrot Press (1999- ),  |e publisher.  |0 http://id.loc.gov/authorities/names/n88676485 
948 |a cataloged  |b h  |c 2016/9/7  |d c  |e mjackson  |f 12:08:52 pm 
994 |a C0  |b TXA 
999 f f |s 977a2950-fb3e-3b44-9f48-495688aace27  |i 0bd8152a-a15f-3816-b8d6-31af0be1c0ca  |t 0 
952 f f |p noncirc  |a Texas A&M University  |b College Station  |c Cushing Memorial Library & Archives  |d Cushing: Childrens' Books (Does not check out)  |t 0  |e PR4611 .A7 2015b  |h Library of Congress classification  |i unmediated -- volume 
998 f f |a PR4611 .A7 2015b  |t 0  |l Cushing: Childrens' Books (Does not check out)